|
|
|
|
| LEADER |
01093nam a2200265 a 4500 |
| 001 |
12980420 |
| 008 |
90804s2002 nyuab b 001 0 eng d |
| 010 |
|
|
|a 2002191082
|
| 020 |
|
|
|a 0670049301
|
| 020 |
|
|
|a 0670031844 (alk. paper)
|
| 040 |
|
|
|a DLC
|c DLC
|d DLC
|
| 082 |
0 |
0 |
|a 954/.840311/092
|2 21
|
| 100 |
1 |
|
|a Dalrymple, William.
|
| 245 |
1 |
0 |
|a White Mughals :
|b love and betrayal in the eighteenth-century India /
|c William Dalrymple.
|
| 260 |
|
|
|a New York :
|b Viking,
|a New Delhi :
|b Penguin Books,
|c 2002.
|
| 300 |
|
|
|a xliii, 580 p. :
|b ill., maps ;
|c 25 cm.
|
| 504 |
|
|
|a Includes bibliographical references (p. [552]-566) and index.
|
| 541 |
1 |
|
|e 00016419
|
| 600 |
1 |
0 |
|a Kirkpatrick, James Achilles,
|d 1764-1805.
|
| 650 |
|
0 |
|a British
|z India.
|
| 651 |
|
0 |
|a India
|x Social life and customs
|y 18th century.
|
| 651 |
|
0 |
|a India
|x Race relations.
|
| 852 |
4 |
|
|a Ayesha Abed Library
|j General shelf
|
| 999 |
|
|
|c 3086
|d 3086
|
| 952 |
|
|
|0 0
|1 4
|2 ddc
|4 0
|6 954_840311092000000_DAL
|7 0
|9 2798
|a BRACUL
|b BRACUL
|c GEN
|d 2009-08-30
|g 1235.00
|l 0
|o 954.840311092 DAL
|p 3010016419
|r 2009-08-30
|t 1
|w 2009-08-30
|y BK
|x Koha Inventory 2020
|